K minimálnej dani v otázkach a odpovediach

Aktuálny legislatívny rámec minimálnej dane právnickej osoby. Praktické otázky a odpovede v súvislosti s platením minimálnej dane.

Gespeichert in:
Bibliographische Detailangaben
1. Verfasser: Jurčíková, Božena
Format: Buchkapitel
Sprache:Slowakisch
Schlagworte:
Tags: Tag hinzufügen
Keine Tags, Fügen Sie das erste Tag hinzu!

MARC

LEADER 00000naa a2200000 4500
001 0307471
005 20250304140238.5
041 0 |a slo 
044 |a SK 
245 1 0 |a K minimálnej dani v otázkach a odpovediach  |c Božena Jurčíková 
520 |a Aktuálny legislatívny rámec minimálnej dane právnickej osoby. Praktické otázky a odpovede v súvislosti s platením minimálnej dane. 
610 2 0 |a osoby právnické 
610 2 0 |a dane minimálne 
610 2 0 |a legislatíva 
100 1 |a Jurčíková, Božena